[Event "POL-chT U20"]
[Site "Lublin"]
[Date "2021.06.28"]
[Round "3.2"]
[White "Krupinski, Mikolaj"]
[Black "Malicka, Maria"]
[Result "0-1"]
[WhiteElo "1830"]
[BlackElo "2272"]
[PlyCount "96"]
[EventDate "2021.06.26"]
[EventType "team-tourn"]
[EventRounds "9"]
[EventCountry "POL"]
[SourceTitle "CBM 203 Extra"]
[Source "ChessBase"]
[SourceDate "2021.09.30"]
[SourceVersion "1"]
[SourceVersionDate "2021.09.30"]
[SourceQuality "1"]
[WhiteTeam "Krakow KKSz"]
[BlackTeam "Warszawa Czternastka"]
[WhiteTeamCountry "POL"]
[BlackTeamCountry "POL"]

1. c4 e5 2. Nc3 Nf6 3. g3 d5 4. cxd5 Nxd5 5. Bg2 Nb6 6. Nf3 Nc6 7. d3 Be7 8. 0-0 0-0 9. e3 Bf5 10. d4 exd4 11. Nxd4 Nxd4 12. Qxd4 c6 13. Qxd8 Rfxd8 14. Rd1 Rxd1+ 15. Nxd1 Rd8 16. Nc3 Na4 17. Kf1 Nxc3 18. bxc3 Bf6 19. e4 Bxc3 20. Rb1 Be6 21. Be3 Bxa2 22. Rc1 Bd4 23. Ke2 Kf8 24. Bxd4 Rxd4 25. Ke3 Rb4 26. Rd1 Ke7 27. f4 Rb3+ 28. Kf2 Rb2+ 29. Kf3 Bc4 30. Rd4 Be2+ 31. Ke3 Bg4 32. Rd2 Rxd2 33. Kxd2 Be6 34. e5 f6 35. exf6+ gxf6 36. Bf3 Bd5 37. Be2 a5 38. Kc3 b5 39. g4 b4+ 40. Kb2 a4 41. g5 c5 42. Bd3 Bg8 43. h4 c4 44. Bf5 c3+ 45. Kb1 b3 46. h5 a3 47. g6 a2+ 48. Ka1 b2# 0-1

[Event "POL-chT U20"]
[Site "Lublin"]
[Date "2021.06.27"]
[Round "2.2"]
[White "Koziorowicz, Michal"]
[Black "Krupinski, Mikolaj"]
[Result "0-1"]
[WhiteElo "2122"]
[BlackElo "1830"]
[PlyCount "134"]
[EventDate "2021.06.26"]
[EventType "team-tourn"]
[EventRounds "9"]
[EventCountry "POL"]
[SourceTitle "CBM 203 Extra"]
[Source "ChessBase"]
[SourceDate "2021.09.30"]
[SourceVersion "1"]
[SourceVersionDate "2021.09.30"]
[SourceQuality "1"]
[WhiteTeam "Gorzow Wielkopolski Stilon"]
[BlackTeam "Krakow KKSz"]
[WhiteTeamCountry "POL"]
[BlackTeamCountry "POL"]

1. e4 c5 2. Nf3 d6 3. d4 cxd4 4. Nxd4 Nf6 5. Nc3 a6 6. h4 e5 7. Nb3 Be6 8. f4 exf4 9. Bxf4 Be7 10. Be2 Nc6 11. g4 d5 12. e5 Nd7 13. g5 Ndxe5 14. Bxe5 Nxe5 15. Qd4 Qd6 16. 0-0-0 Rd8 17. Kb1 0-0 18. Rhg1 b5 19. Qe3 Nc4 20. Bxc4 bxc4 21. Nd4 Rb8 22. Ka1 Qb6 23. Rb1 Bc5 24. Rgd1 Rfe8 25. Qf4 Bd6 26. Qf3 Be5 27. Nce2 a5 28. c3 a4 29. h5 a3 30. b4 cxb3 31. axb3 Qd8 32. Nc6 Qxg5 33. Nxb8 Bg4 34. Qg2 Qxh5 35. Rh1 Qg6 36. Rhc1 Bxe2 37. Qxe2 Qd6 38. Na6 d4 39. Qd3 dxc3 40. Qxd6 Bxd6 41. b4 h5 42. b5 Re2 43. b6 c2 44. Rb3 Bf4 45. b7 Bxc1 46. b8Q+ Kh7 47. Qc8 Bb2+ 48. Rxb2 c1Q+ 49. Qxc1 axb2+ 50. Qxb2 Rxb2 51. Kxb2 h4 52. Nc5 f5 53. Kc3 h3 54. Nd3 g5 55. Nf2 g4 56. Kd4 h2 57. Nh1 f4 58. Ke4 g3 59. Kf3 Kg6 60. Kg2 Kg5 61. Kf3 Kf5 62. Kg2 Kg4 63. Nxg3 fxg3 64. Kh1 Kh4 65. Kg2 h1Q+ 66. Kxh1 Kh3 67. Kg1 g2 0-1

[Event "Malopolska Region-chB"]
[Site "Krakow"]
[Date "2021.06.04"]
[Round "3"]
[White "Krupinski, Mikolaj"]
[Black "Lenart, Jakub"]
[Result "1-0"]
[WhiteElo "1830"]
[BlackElo "1524"]
[PlyCount "65"]
[EventDate "2021.06.03"]
[EventType "swiss"]
[EventRounds "7"]
[EventCountry "POL"]
[SourceTitle "EXT 2023"]
[Source "ChessBase"]
[SourceDate "2022.10.05"]
[SourceVersion "1"]
[SourceVersionDate "2022.10.05"]
[SourceQuality "1"]

1. e4 c5 2. Nf3 a6 3. c4 b6 4. Nc3 e6 5. g3 Bb7 6. Bg2 Nc6 7. 0-0 d6 8. d3 e5 9. Nh4 Nd4 10. Ne2 Be7 11. Nxd4 cxd4 12. Nf5 g6 13. Nxe7 Kxe7 14. f4 f6 15. g4 h6 16. g5 Qd7 17. gxf6+ Nxf6 18. Qf3 Raf8 19. Qg3 Qe6 20. fxe5 dxe5 21. Bd2 a5 22. b4 a4 23. b5 Nd7 24. Rxf8 Rxf8 25. Bxh6 Rf7 26. Bh3 Qd6 27. Bxd7 Kxd7 28. a3 Bc8 29. Bd2 Qf6 30. Qg2 Ke8 31. Rf1 Qe7 32. Qxg6 Be6 33. Bb4 1-0

[Event "Liptovsky Mikulas V4 U11 op"]
[Site "Liptovsky Mikulas"]
[Date "2016.06.25"]
[Round "6"]
[White "Mindek, Matus"]
[Black "Krupinski, Mikolaj"]
[Result "0-1"]
[WhiteElo "1077"]
[BlackElo "1449"]
[PlyCount "48"]
[EventDate "2016.06.23"]
[EventType "swiss"]
[EventRounds "9"]
[EventCountry "SVK"]
[SourceTitle "CBM 173 Extra"]
[Source "ChessBase"]
[SourceDate "2016.08.29"]
[SourceVersion "1"]
[SourceVersionDate "2016.08.29"]
[SourceQuality "1"]

1. d4 d5 2. c4 c6 3. Nf3 Nf6 4. Bf4 dxc4 5. e3 b5 6. Nc3 Bg4 7. a4 Qb6 8. Be2 Nbd7 9. 0-0 e6 10. Qc2 Bb4 11. Na2 Be7 12. Nc3 0-0 13. b3 cxb3 14. Qxb3 a6 15. Qc2 Qb7 16. Ne4 Nxe4 17. Qxe4 Bf5 18. Bd3 Bxe4 19. Bxe4 Nf6 20. Bd3 Nd5 21. Bg3 bxa4 22. Rfb1 Qa7 23. Ne5 Rfc8 24. Ra3 Bxa3 0-1

[Event "Liptovsky Mikulas V4 U11 op"]
[Site "Liptovsky Mikulas"]
[Date "2016.06.24"]
[Round "3"]
[White "Krupinski, Mikolaj"]
[Black "Janik, Marek Tobias"]
[Result "1-0"]
[WhiteElo "1449"]
[BlackElo "1307"]
[PlyCount "41"]
[EventDate "2016.06.23"]
[EventType "swiss"]
[EventRounds "9"]
[EventCountry "SVK"]
[SourceTitle "CBM 173 Extra"]
[Source "ChessBase"]
[SourceDate "2016.08.29"]
[SourceVersion "1"]
[SourceVersionDate "2016.08.29"]
[SourceQuality "1"]

1. e4 c5 2. Nf3 Nc6 3. d4 cxd4 4. Nxd4 Nf6 5. Nc3 e5 6. Ndb5 d6 7. Bg5 a6 8. Na3 b5 9. Nd5 Be7 10. Bxf6 Bxf6 11. c3 0-0 12. Nc2 Bg5 13. h4 Bh6 14. Ncb4 Nxb4 15. Nxb4 Bb7 16. Bd3 d5 17. exd5 Bxd5 18. Nxd5 Qxd5 19. Bxh7+ Kxh7 20. Qxd5 Rfe8 21. Qxf7 1-0